| 000 | 00873nas a22002417a 4500 | ||
|---|---|---|---|
| 999 |
_c6548 _d6548 |
||
| 003 | OSt | ||
| 005 | 20181016125945.0 | ||
| 008 | 130702u1998 sp ||||| |||| 00| 0 spa d | ||
| 022 | _a1139-1979 | ||
| 040 |
_cCDMR _bcat |
||
| 245 | 0 | 0 |
_aÁmbitos _b: revista internacional de comunicación |
| 260 |
_aSevilla _bUniversidad de Sevilla. Facultad de Ciencias de la Información _c1998- |
||
| 310 | _aAnual | ||
| 362 | _aVol. 1 (1998) - | ||
| 650 | 0 | 4 |
_93919 _aPeriodisme _vRevistes |
| 650 | 0 | 4 |
_91722 _aRàdio _vRevistes |
| 650 | 0 | 4 |
_9875 _aPublicitat _vRevistes |
| 650 | 0 | 4 |
_92775 _aRelacions públiques _vRevistes |
| 650 | 0 | 4 |
_9597 _aTelevisió _vRevistes |
| 710 | 2 |
_93906 _aUniversidad de Sevilla _b -- Departamento de Comunicación Audiovisual y Publicidad |
|
| 856 | 4 | 0 |
_uhttp://dialnet.unirioja.es/servlet/revista?codigo=2493 _yDisponible en línia (Dialnet). |
| 856 | 4 | 0 |
_uhttp://institucional.us.es/ambitos/ _yDisponible en línia (web) |
| 942 |
_2udc _cSER |
||